000
00273nam a22001217a 4500
008
171005b xxu||||| |||| 00| 0 eng d
041
_a
eng
080
_a
159.9
100
_a
48
101
_a
PSI
245
_a
MCGRAW-HILL SERIES IN PSYCHOLOGY
_c
SIEGEL, S
942
_2
udc
_c
BK
999
_c
31889
_d
31889